La chartreuse de Parme

محفوظ في:
التفاصيل البيبلوغرافية
المؤلف الرئيسي: Stendhal
التنسيق: كتاب
اللغة:Undetermined
منشور في: París, Francia Flammarion 1964
الموضوعات:
الوسوم: إضافة وسم
لا توجد وسوم, كن أول من يضع وسما على هذه التسجيلة!

MARC

LEADER 00000nam a2200000Ia 4500
008 170316s9999 xx 000 0 und d
040 |a cru BVZT 
090 |a 840 S-20c 
100 |a Stendhal 
245 |a La chartreuse de Parme 
260 |a París, Francia 
260 |b Flammarion 
260 |c 1964 
300 |a 509 páginas 
650 |a LITERATURA FRANCESA 
999 |c 7993  |d 7993 
942 |c 15 D  |h 840 S-20c  |2 z